000 00864nam a2200253Ia 4500
003 OSt
005 20221005111913.0
006 a|||||r|||| 00| 0
007 ta
008 221004b |||||||| |||| 00| 0 san d
024 _a32865
037 _cTextual
040 _aCRL
_cCRL
_bsan
041 _2san
_asan
082 _aO15,2D35:g, 152M2
100 _aउपाध्याय, बलदेव
245 0 _aमहाकवि भास
_b एक अध्ययन
246 _aMahākavi bhāsa: ek adhyayana
260 _aवाराणसी
_bचौखम्बा विद्याभवन भारत
_c1982
300 _a400पृ.
_ccm.
650 _aसंस्कृत साहित्य
942 _hO15,2D35:g, 152M2
_cTEXL
_2cc
999 _c1023248
_d1023248